000 00462nam a2200169Ia 4500
003 GCL
008 140319s9999 xx 000 0 ara d
040 _aGCL /
_cGCL
082 0 4 _a814.008
_bس ف
100 1 _aسلامة موسى
245 1 0 _aفن الحب والحياة /
_cسلامة موسى
300 _a200 ص
490 _aكتاب اليوم
_v0
650 0 4 _aالادب العربى
650 0 4 _aالمقالات العربية
942 _2ddc
_cBK
999 _c48443
_d48443